- Fuentes, Carlos,
Entry Nombre Personal
001 - NUMERO DE CONTROL
- campo de control: 28486
003 - IDENTIFICADOR DE NUMERO DE CONTROL
- campo de control: MX-MxUPN
005 - FECHA Y HORA DE LA ÜLTIMA TRANSACCIÓN
- campo de control: 20240524104326.0
008 - DATOS DE LONGITUD FIJA
- campo de control de longitud fija: 240524nn|acannaabn b aaa |d
024 ## - OTROS IDENTIFICADORES NORMALIZADOS
- Fuente: isni
- Enlace: https://isni.org/isni/0000000121301089
- Número normalizado o código: 0000000121301089
035 ## - NUMERO DE CONTROL
- Número de control: UPN11000000592
035 ## - NUMERO DE CONTROL
- Número de control: (OCoLC)oca00405230
040 ## - FUENTE DE CATALOGACIÓN
- Lenguaje de catalogación: spa
- Agencia de transcripción: MX-MxUPN
- Agencia original de catalogación: MX-MxUPN
046 ## - FECHAS CON CODIFICACIÓN ESPECIAL
- Fecha de nacimiento: 19281111
- Fecha de muerte: 20120515
053 #4 - NÚMERO DE CLASIFICACIÓN LC
- Número de clasificación elemento-número único o número inicial de tramo: PQ7297 F793
053 ## - NÚMERO DE CLASIFICACIÓN LC
- Número de clasificación elemento-número único o número inicial de tramo: PQ7297 F98
- Término explicativo: Es la clasificación que ocupa la BGTQ.
100 1# - ENCABEZAMIENTO - NOMBRE PERSONAL
- Nombre personal: Fuentes, Carlos,
- Fechas asociadas con el nombre: 1928-2012
370 ## - LUGAR ASOCIADO
- Fuente del término: $naf
- Place of birth: Panamá (Panamá)
- Place of death: Ciudad de México (México)
374 ## - OCUPACIÓN
- Occupation: Escritor
- Occupation: Diplomático
378 ## - FORMA COMPLETA DE NOMBRE PERSONAL
- Fuller form of personal name: Carlos Manuel
400 1# - VEÁSE - NOMBRE DE PERSONA
- Personal name: Fuentes Macías, Carlos,
- Dates associated with a name: 1928-2012
670 ## - FUENTE EN LA QUE SE LOCALIZARON DATOS
- Cita de la fuente: T
- Información localizada: Diccionario de escritores mexicanos
670 ## - FUENTE EN LA QUE SE LOCALIZARON DATOS
- Cita de la fuente: Autoridades LC, 24 mayo 2024 :
- Información localizada: (Fuentes, Carlos)
- Uniform Resource Identifier: https://lccn.loc.gov/n80022904
680 ## - NOTA PUBLICA DE ACCESO PÚBLICO
- Frase explicativa de la referencia: Escritor mexicano nacido en Panamá
902 ## - CATALOGADOR
- Catalogador: DAA/051107
902 ## - CATALOGADOR
- Catalogador: MaríaRobles/240524
